| 000 | 00820nam a2200229 i 4500 | ||
|---|---|---|---|
| 001 | 16764 | ||
| 003 | ES-MaACL | ||
| 005 | 20240116184719.0 | ||
| 007 | t| | ||
| 008 | 001102s1987 sp ||||1| spa d | ||
| 080 | _a929 Jovellanos, Gaspar Melchor de (067.5) | ||
| 245 | 0 | 0 | _aCLXXV aniversario de la muerte de Jovellanos. |
| 260 |
_a[Gijón : _bAteneo Obrero de Gijón, _c1987] |
||
| 300 |
_a[16] p. ; _c30 cm. |
||
| 500 | _aTit. tomado de la cub. | ||
| 600 | 1 | 4 |
_aJovellanos, Gaspar Melchor de, _d1744-1811- _vAniversarios y centenarios _967052 |
| 700 | 1 |
_aJovellanos, Gaspar Melchor de, _d1744-1811 _9222580 |
|
| 710 | 2 |
_aAteneo Obrero de Gijón. _92052 |
|
| 740 | 0 | _aCiento setenta y cinco aniversario de la muerte de Jovellanos. | |
| 852 |
_aES-MaACL _j2155-F-12 _bR.129187 |
||
| 999 |
_c16764 _d16764 |
||